| 000 | 00451nam a2200169Ia 4500 | ||
|---|---|---|---|
| 008 | 220216s9999 xx 000 0 und d | ||
| 100 | _aRzymski W M | ||
| 245 | 0 | _aCold mastication of hydrogenated nitrile rubbers | |
| 260 |
_bKautschuk Gummi Kunststoffe _c2000 |
||
| 300 | _a352-357 | ||
| 650 | _aCold mastication | ||
| 650 | _aElastomers | ||
| 650 | _aHydrogenated nitrile rubbers | ||
| 700 | _aKustosz K | ||
| 700 | _aSrogosz A | ||
| 942 | _cJS | ||
| 999 |
_c55831 _d55831 |
||